Welcome to the Holygrace Academy Library

Please use search bar below to get started

QUIZ BOOK OF SCIENCE (Record no. 6599)

MARC details
000 -LEADER
fixed length control field 00304nam a22001337a 4500
020 ## - INTERNATIONAL STANDARD BOOK NUMBER
ISBN 817826572-9
082 ## - DEWEY DECIMAL CLASSIFICATION NUMBER
Classification number 001
Item number NEW/Q
100 ## - MAIN ENTRY--AUTHOR NAME
Personal name NEWMANN, JIM T
245 ## - TITLE STATEMENT
Title QUIZ BOOK OF SCIENCE
260 ## - PUBLICATION, DISTRIBUTION, ETC. (IMPRINT)
Place of publication DELHI
Name of publisher ROHAN BOOK COMPANY
Year of publication 2004
300 ## - PHYSICAL DESCRIPTION
Number of Pages 160
650 ## - SUBJECT ADDED ENTRY--TOPICAL TERM
Topical Term GENERAL KNOWLEDGE
Geographic subdivision INDIA
942 ## - ADDED ENTRY ELEMENTS (KOHA)
Koha item type Books
Holdings
Withdrawn status Lost status Collection code Home library Current library Shelving location Date acquired Source of acquisition Cost, normal purchase price Full call number Accession Number Koha item type
    G.K Main Library Main Library SHELF-17B-- G.K RELATED QUIZ BOOK 20/04/2013 purchase 40.00 001 NEW/Q 06177 Books